LEADER 01495nam 2200385Ia 450 001 996385846903316 005 20221108083003.0 035 $a(CKB)4940000000072223 035 $a(EEBO)2240948100 035 $a(OCoLC)10051698 035 $a(EXLCZ)994940000000072223 100 $a19831024d1693 uy | 101 0 $aeng 135 $aurbn||||a|bb| 200 14$aThe godly man's ark or city of refuge in the day of his distress$b[electronic resource] $ediscovered in divers sermons, the first of which was preached at the funeral of Mistress Elizabeth Moore ... /$fby E.D. Calamy. Hereunto are annexed Mrs. Moores Evidences for heaven, composed and collected by her in the time of her health for her comfort in the time of sickness 205 $aThe 17th edition corrected and amended. 210 $aLondon $cPrinted for Thomas Parkhurst and for John Hancock$d1693 215 $a[22], 142 p 300 $aReproduction of original in the British Library. 330 $aeebo-0018 606 $aChristian life$vSermons 606 $aSermons, English$y17th century 615 0$aChristian life 615 0$aSermons, English 700 $aCalamy$b Edmund$f1600-1666.$01002065 701 $aMoore$b Elizabeth$fd. 1656?$01007792 801 0$bUMI 801 1$bUMI 801 2$bm/c 801 2$bUMI 801 2$bWaOLN 906 $aBOOK 912 $a996385846903316 996 $aThe godly man's ark or city of refuge in the day of his distress$92348957 997 $aUNISA